000 00938nam a2200265Ia 4500
003 OSt
005 20220923211119.0
006 a|||||r|||| 00| 0
007 ta
008 220922b |||||||| |||| 00| 0 hin d
020 _a818143529X (hbk)
_c300
024 _a241,315
037 _b480, 26/02/2010, Vani Prakashan
_cTextual
040 _aARTS
_cARTS
_bhin
041 _2hin
_ahin
082 _aO152,1:g, N3
100 _aरावत, भगवत
_9158371
245 0 _aकविता का दूसरा पाठ और प्रसंग
246 _aKavitā kā dūsarā pāṭh aur prasanga
260 _aनयी दिल्ली
_b वाणी प्रकाशन
_c1993
300 _a241पृ.
_ccm.
650 _aहिन्दी साहित्य
_9156264
942 _hO152,1:g, N3
_cTEXL
_2CC
999 _c295459
_d295459